=LDR 00000nam 2200000 4500 =001 INLIS000000000024239 =005 20130612122835 =008 ***********************************Ind** =035 ##$$0010-061300000024239 =041 ##$$a Ind =082 ##$$a 028.5 =090 ##$$a 028.5, Yua a =100 ##$$a Yualita, Perla =245 ##$$a Aku tidak ngompol lagi, Perla Yuolita =260 ##$$a 2003 $b Bandung =300 ##$$a 23 hlm, ilus, 18 cm =650 ##$$a Bacaan anak-anak =850 ##$$a NBPNMAT